Home Print Resources E-Books E-Journals IIMT Lecture Series Library Membership Form Book Recommendation Form Campus Tour Take AdmissionAbout Us Contact Us

NTA UGC NET SOCIAL MEDICINE AND COMMUNITY HEALTH (Record no. 64488)

000 -LEADER
fixed length control field 00333nam a22001337a 4500
008 - FIXED-LENGTH DATA ELEMENTS--GENERAL INFORMATION
fixed length control field 241019b |||||||| |||| 00| 0 eng d
020 ## - ISBN
International Standard Book Number 9789355961280
040 ## - CATALOGING SOURCE
Original cataloging agency IIMT University College of Medical Sciences
100 ## - MAIN ENTRY--PERSONAL NAME
Personal name CHAKRABORTY,KAKULI
245 ## - TITLE STATEMENT
Title NTA UGC NET SOCIAL MEDICINE AND COMMUNITY HEALTH
260 ## - PUBLICATION, DISTRIBUTION, ETC. (IMPRINT)
Place of publication, distribution, etc NEW DELHI
Name of publisher, distributor, etc HPH
Date of publication, distribution, etc 2022
300 ## - PHYSICAL DESCRIPTION
Pages 548
942 ## - ADDED ENTRY ELEMENTS (KOHA)
Koha item type Text-Book- for 7 days
952 ## - LOCATION AND ITEM INFORMATION (KOHA)
-- 2025-03-18
-- 2024-10-19
952 ## - LOCATION AND ITEM INFORMATION (KOHA)
-- 2024-10-19
952 ## - LOCATION AND ITEM INFORMATION (KOHA)
-- 2025-03-12
-- 2024-10-19
952 ## - LOCATION AND ITEM INFORMATION (KOHA)
-- 2024-12-26
-- 2024-10-19
952 ## - LOCATION AND ITEM INFORMATION (KOHA)
-- 2025-03-10
-- 2024-10-19
Holdings
Withdrawn status Lost status Source of classification or shelving scheme Damaged status Not for loan Location (home branch) Sublocation or collection (holding branch) Date acquired Source of Acquisition Cost Normal purchase price Koha issues (times borrowed) Koha full call number Accession No. Koha date last seen Koha item type
          IIMT University College of Medical Sciences IIMT University College of Medical Sciences 10/19/2024 ARISTA 750.00 1 343.3(CHA) 02-B-14419 03/18/2025 Text-Book- for 7 days
          IIMT University College of Medical Sciences IIMT University College of Medical Sciences 10/19/2024 ARISTA 750.00   343.3(CHA) 02-B-14420 10/19/2024 Text-Book- for 7 days
          IIMT University College of Medical Sciences IIMT University College of Medical Sciences 10/19/2024 ARISTA 750.00 1 343.3(CHA) 02-B-14421 07/24/2025 Text-Book- for 7 days
          IIMT University College of Medical Sciences IIMT University College of Medical Sciences 10/19/2024 ARISTA 750.00 2 343.3(CHA) 02-B-14422 02/17/2025 Text-Book- for 7 days
          IIMT University College of Medical Sciences IIMT University College of Medical Sciences 10/19/2024 ARISTA 750.00 1 343.3(CHA) 02-B-14423 03/24/2026 Text-Book- for 7 days
IIMT, Central Library. All Rights Reserved IIMT,UNIVERSITY © 2023
Implemented and Customised by I CLOUDE EMS
You Are OPAC Visitor No
free web counter

Powered by Koha